000 007160am a2200229 004500
003 EG-GiCUC
008 070708s1976 le g 000 0 ara d
040 _aEG-GiCUC
_bara
_cEG-GiCUC
043 _af-ua---
050 4 _aDT82.5.I7
_bF8 1976
092 0 4 _a956.04
_bF9499
_221
099 _a04
_a956.04 F9499
100 1 _aفؤاد : حمدى
245 1 2 _aالحرب الدبلوماسية بين مصر و اسرائيل /
_cحمدى فؤاد
260 _aبيروت :
_bدارالقضايا :
_c1976
300 _a431ص ؛
_c24سم
650 7 _aالنزاع العربى الاسرائيلى
_2qrmak
902 _a1
905 _aبلتاجى
_eمراجع
905 _aرضا
_eمدخل
942 _2ddc
_cBK
999 _c97691
_d97691